Statistics for X-Men Characters by Screen Time

Click here to take the quiz!

General Stats

  • This quiz has been taken 1,572 times
  • The average score is 12 of 21

Answer Stats

MinutesCharacter% Correct
300Wolverine / Logan
99%
142Professor X
98%
113Magneto
97%
37Cyclops
91%
57Jean Grey
90%
38Storm
87%
74Mystique
85%
48Beast
80%
29Rogue
74%
19Iceman
71%
19Nightcrawler
64%
84Deadpool / Wade Wilson
63%
21Sabretooth
54%
15Quicksilver
47%
22Apocalypse
32%
15Havok
31%
28William Stryker
29%
31X-23
18%
25Moira McTaggert
9%
21Yukio
7%
27Mariko Yashida
3%

Score Distribution

Percentile by Number Answered

Percent of People with Each Score

Your Score History

You have not taken this quiz